000 00630nam a22002057a 4500
005 20251108165830.0
008 250721s1984 xx 000 0 ara d
082 1 4 _aط/218.9/ماس
100 1 _aعبد الرزاق، مصطفى
245 1 0 _aالتصوف /
264 1 _aبيروت :
_bمكتبة المدرسة،
_c1984.
300 _a132ص0
490 0 _aكتب دائرة المعارف الاسلامية،16
650 1 7 _aالصوفية
700 1 _aخورشيد، إبراهيم
_eتلرجمة
700 1 _aيونس، عبد الحميد
700 1 _aعثمان، حسن
942 _2ddc
_cBK
999 _c32409
_d32409